000 00708nam a2200229 a 4500
008 951212s1977||||[C 0 slo c
020 _c30 Kčs.
_q(7000 výtl.)
040 _aSNK
_bslo
_cSNK
_eAACR2
041 1 _aslo
_hrus
_hest
044 _axo
_cSK
080 _a894.545-3
100 1 _aLUTS, Oskar
_4aut
245 1 0 _aEstónska romanca
_cOskar LUTS ; Oskar Luts, Viktória Slobodníková, Čestmír Pechr
250 _a1., vyd.
260 _aBratislava
_bTatran
_c1977
_eBanská Bystrica
_fTlačiarne SNP
300 _a517 s., 28,38 AH
_c20 cm
490 0 _aPamír
_vZv. 25.
700 1 _aLuts, Oskar
_4aut
700 1 _aSlobodníková, Viktória
_4trl
700 1 _aPechr, Čestmír
_4bkd
958 _aA
999 _c11965
_d11965